00812nam a2200241Ia 4500952011600000999001700116003000400133005001700137008004100154020001500195020002000210040000900230041001300239050002200252245007700274246002600351260006100377300003400438500004900472650002600521700001600547942000700563 00102LCC4070aGETSbGETScGENd2020-08-19l0oBL239 .L58 2012p00003130r2020-08-19 00:00:00w2020-08-19yCB c13214d13214OSt20210111154334.0200819s9999||||xx |||||||||||||| ||und|| a1932184988 a9781932184983  cGETS achiheng aBL239 b.L58 2012 0a穿越科學的迷霧b= Probing the myths of science /c劉良淑主編 a穿越科学的迷雾 aMonterey Park, Calif. :b恩福文化宣教使團,c2012 a312 p. :bill, pho. ;c21 cm. aTranslation of: Probing the myths of science aReligion and science. a 劉良淑 cCB